Copenhague: Cumbre Mundial sobre Desarrollo Social
Salvato in:
| Natura: | testo |
|---|---|
| Soggetti: | |
| Tags: |
Aggiungi Tag
Nessun Tag, puoi essere il primo ad aggiungerne!!
|
MARC
| LEADER | 00000 a a2200000 04500 | ||
|---|---|---|---|
| 001 | 5934 | ||
| 003 | |||
| 040 | |||
| 245 | |a Copenhague: |b Cumbre Mundial sobre Desarrollo Social | ||
| 650 | |a DESARROLLO SOCIAL | ||
| 650 | |a CONFERENCIAS | ||
| 650 | |a ONU | ||
| 650 | |a AJUSTE ESTRUCTURAL | ||
| 650 | |a COOPERACION INTERNACIONAL | ||
| 650 | |a CONDICIONES ECONOMICAS | ||
| 650 | |a MEDIO AMBIENTE | ||
| 773 | |g volumen 15, número 653; páginas 12-13 | ||
| 999 | |c 21494 |d 21494 | ||
